| 000 | 00792nam a22002177a 4500 | ||
|---|---|---|---|
| 999 |
_c16118 _d16118 |
||
| 003 | AR-CdUCM | ||
| 008 | 190502b ||||| |||| 00| 0 spa d | ||
| 040 |
_aMUNICIPALIDAD PROVINCIAL DEL CUSCO _cBIBLIOTECA MUNICIPAL DEL CUSCO |
||
| 082 |
_23ed _a331.2 / _bD72 |
||
| 100 |
_aDobb, Maurice _911937 |
||
| 245 | _aSalarios / | ||
| 260 |
_aMéxico : _bFondo de cultura económica, _c1957. |
||
| 300 |
_a150 páginas ; _c22 cm. |
||
| 440 |
_aSección de obra de economía _935403 |
||
| 505 | _aContenido: Sistema de salarios -- Los salarios y el patrón de vida -- El pago de salarios -- Las teorías de los salarios... | ||
| 650 |
_aTeoría de los Salarios _935404 |
||
| 650 |
_aArgentina _9511 |
||
| 650 |
_aProducción y salarios _935405 |
||
| 942 |
_2ddc _cLIBROS |
||
| 945 |
_adavv _d02/05/2019 |
||